000 00886nam a2200253Ia 4500
003 OSt
005 20220923224257.0
006 a|||||r|||| 00| 0
007 ta
008 220922b |||||||| |||| 00| 0 hin d
024 _a230,433
037 _cTextual
040 _aARTS
_cARTS
_bhin
041 _2hin
_ahin
082 _a4,1xNMA, 152P6
100 _aमंडलोई, लीलाधर
245 0 _aइनसाइड लाइव
_b एक मीडियाकर्मी की डायरी
246 _aInasāiḍ lāiva: ek mīḍiyākarmī kī ḍāyarī
260 _aपंचकूला
_b आधार प्रकाशन
_c2006
300 _a160पृ.
_ccm.
650 _aहिन्दी पत्रकारिता
942 _h4,1xNMA, 152P6
_cTEXL
_2CC
999 _c370332
_d370332